000 00600nam a22002177a 4500
003 UA-OsUOA
001 38596
007 ta
008 20060517b un ||||| |||| 00| 0 ukr d
100 _aМанько Микола
090 _a81
_bМ11
942 _cSA
040 _aUA-OsUOA
_bukr
_cUA-OsUOA
_dUA-OsUOA
245 _aОстрозька "Просвіта" в 1917 році
300 _a5 с.
955 _a0
041 _aukr
080 _a81
773 0 _w38595
650 7 _a8 Мовознавство. Художня література. Літературознавство
_2UDC
999 _c324740
_d324740